| Tag |
First Indicator |
Second Indicator |
Subfields |
| LEADER |
00000cam a2200000 4500 |
| 001 |
in00002782741 |
| 005 |
20210327063541.0 |
| 008 |
730111s1972 dcua b 000 0 eng |
| 010 |
|
|
|a 73184625
|
| 035 |
|
|
|a (OCoLC)ocm00571759
|
| 035 |
|
|
|a (OCoLC)571759
|
| 040 |
|
|
|a DLC
|b eng
|c DLC
|d BTCTA
|d OCLCG
|d GBVCP
|d UtOrBLW
|
| 043 |
|
|
|a n-us-mt
|
| 049 |
|
|
|a TXAM
|
| 050 |
0 |
0 |
|a QE134.G74
|b K55
|
| 082 |
0 |
0 |
|a 557.86/8
|
| 084 |
|
|
|a 13
|2 ssgn
|
| 084 |
|
|
|a 38.55
|2 bcl
|
| 086 |
0 |
|
|a I 19.16:726-A
|
| 100 |
1 |
|
|a Kleinkopf, M. Dean
|q (Merlin Dean),
|d 1926-
|
| 245 |
1 |
0 |
|a Aeromagnetic, Bouguer gravity, and generalized geologic studies of the Great Falls-Mission Range area, northwestern Montana /
|c by M. Dean Kleinkopf and Melville R. Mudge.
|
| 264 |
|
1 |
|a Washington :
|b U.S. Govt. Print. Off,
|c 1972.
|
| 300 |
|
|
|a iii, 19 pages :
|b illustrations ;
|c 29 cm.
|
| 336 |
|
|
|a text
|b txt
|2 rdacontent
|
| 337 |
|
|
|a unmediated
|b n
|2 rdamedia
|
| 338 |
|
|
|a volume
|b nc
|2 rdacarrier
|
| 490 |
1 |
|
|a Geophysical field investigations
|
| 490 |
1 |
|
|a Geological Survey professional paper 726-A
|
| 500 |
|
|
|a Part of illustrative matter in pocket.
|
| 504 |
|
|
|a Bibliography: pages 16-19.
|
| 650 |
|
0 |
|a Geology
|z Montana
|z Great Falls Region.
|
| 650 |
|
0 |
|a Geophysics
|z Montana
|z Great Falls Region.
|
| 700 |
1 |
|
|a Mudge, Melville R.,
|d 1921-2009
|e author.
|
| 830 |
|
0 |
|a Geophysical field investigations.
|
| 830 |
|
0 |
|a Geological Survey professional paper ;
|v 726-A.
|
| 948 |
|
|
|a cataloged
|b h
|c 2012/11/27
|d c
|e mvaldespin
|f 11:07:42 am
|
| 994 |
|
|
|a C0
|b TXA
|
| 999 |
|
|
|a MARS
|
| 999 |
f |
f |
|s 58a8131b-c39b-333f-9f21-d4d3110c466e
|i 486c2392-8e82-3b8f-b45c-4da4c2654f97
|t 0
|
| 952 |
f |
f |
|p normal
|a Texas A&M University
|b College Station
|c Sterling C. Evans Library
|d Evans: US Documents (Annex 5th floor)
|t 0
|e I 19.16:726-A
|h Superintendent of Documents classification
|i unmediated -- volume
|m A14839369323
|
| 998 |
f |
f |
|a I 19.16:726-A
|t 0
|l Evans: US Documents (Annex 5th floor)
|